| 000 | 00991nam0a22002891 4500 | ||
|---|---|---|---|
| 001 | rc\2274166 | ||
| 005 | 20110829191158.2 | ||
| 035 | _a(NLR Aleph) 006554539 | ||
| 090 |
_a6776976 _c6776976 |
||
| 100 | _a20110829d1979 |||y0rusy50 ca | ||
| 101 | 0 | _arus | |
| 102 | _aRU | ||
| 105 | _aa z ||||| | ||
| 200 | 1 |
_aПособие по расчету поставов _eДля студентов спец. 0902 |
|
| 210 |
_aКрасноярск _cКрасГУ _d1979 |
||
| 215 |
_a6, [14] с. _cил. _d30х41 |
||
| 300 | _aВ надзаг.: Краснояр. гос. ун-т, Сиб. технол. ин-т | ||
| 606 |
_aПоставы пил _xСоставление и расчет _2psbo |
||
| 686 |
_aМ132-2я73-1 _2rubbk |
||
| 700 | 1 |
_aВетшева _bВ. Ф. _gВера Федоровна |
|
| 801 | 0 |
_aRU _bNLR _gpsbo |
|
| 801 | 1 |
_aRU _bELAR _2rusmarc |
|
| 852 |
_aNLR _j80-10/29 |
||
| 899 |
_aRuMoRGB _jБ Фол-31/232 |
||
| 899 |
_aRuMoRGB _jБ Фол-31/233 |
||
| 942 | _cBOOK | ||
| 980 | _aNB | ||